| 000 | 00482nam a2200169Ia 4500 | ||
|---|---|---|---|
| 999 |
_c36627 _d36627 |
||
| 003 | OSt | ||
| 005 | 20210125125603.0 | ||
| 008 | 190216s9999||||xx |||||||||||||| ||und|| | ||
| 020 | _a9788177290172 | ||
| 040 | _coclc | ||
| 082 |
_a380 _bBOO/U |
||
| 100 | _aBookhives Study Circle | ||
| 245 | 0 |
_aUGC NET / SLET Commerce / _cBookhives |
|
| 260 |
_bDanika Publishing Company, _c2000. _aNew Delhi: |
||
| 300 | _a191p | ||
| 942 |
_cREF _2ddc _h380 _iBOO/U _k380 _mBOO/U |
||